000
00310 a2200145 4500
999
_c
11935
_d
11935
003
OSt
005
20240111142115.0
008
240111b ||||| |||| 00| 0 eng d
020
_a
9791189659394
082
_a
720
100
_a
Archilab
245
_a
2022 Annual Interior
260
_b
Archilab
942
_2
ddc